000 00515nam a2200193 a 4500
001 1770453312745
003 YourLibrary
005 20260207140844.0
008 260207s1998##################000#0#eng##
020 _a9781574440584
082 0 4 _a333.7
_bLOU
100 1 _aLoucks, Orie L.,
_eauthor.
245 1 0 _aSustainability Perspectives for Resources and Business :
260 _bCRC Press,
_c1998.
300 _a404 pages
650 0 _aNature.
942 _cENGLISH
040 _aYourLibrary
_beng
_cYourLibrary
999 _c611035
_d611035